|
|
|
|
| LEADER |
01408nab#a2200421#ar4500 |
| 001 |
000128721 |
| 003 |
SVKKK |
| 005 |
20230301152739.0 |
| 008 |
131126d1917 xo |||||||||||||||b|hun |
| FMT |
|
|
|
| 038 |
|
|
|a SVKKK
|
| 040 |
|
|
|a SVKKK
|b slo
|e AACR2
|
| 041 |
0 |
|
|a hun
|
| 044 |
|
|
|a xo
|c SK
|
| 080 |
|
|
|a 355.11
|2 2011
|
| 080 |
|
|
|a 351.856.2
|2 2011
|
| 080 |
|
|
|a 355.134
|2 2011
|
| 080 |
|
|
|a 94(100)"1914/1918"
|2 2011
|
| 242 |
1 |
0 |
|a Vojenské vyznamenania
|
| 245 |
1 |
0 |
|a Katonai kitüntetések
|
| 520 |
3 |
|
|a Striebornú medailu za statočnosť dostal domobranec 9. honvédskeho pešieho pluku Sándor Pozsgai. Bronzovú medailu za statočnosť opätovne dostal domobranec 9. honvédskeho pešieho pluku János Zsutkó.
|
| 545 |
|
|
|a Különfélék
|
| 600 |
1 |
4 |
|a Pozsgai, Sándor
|x vojak c. k. armády
|x domobranec 9. honvédskeho pešieho pluku
|y 1917
|
| 600 |
1 |
4 |
|a Zsutkó, János
|x vojak c. k. armády
|x domobranec 9. honvédskeho pešieho pluku
|y 1917
|
| 610 |
0 |
4 |
|a 9. honvédsky peší pluk v Košiciach
|z Košice (Slovensko)
|
| 648 |
0 |
4 |
|a 1917
|
| 650 |
0 |
4 |
|a vyznamenania
|
| 650 |
0 |
4 |
|a medaily
|
| 650 |
0 |
4 |
|a vojaci
|
| 650 |
0 |
4 |
|a prvá svetová vojna, 1914-1918
|
| 655 |
|
4 |
|a hungariká
|
| 773 |
0 |
|
|t Szepesi Lapok : Politikai És Tátrai Ujság
|g Roč. XXXIII, č. 126 (6.11.1917), s. 2
|
| 958 |
|
|
|a HU
|
| 974 |
|
|
|a vsz
|
| 992 |
|
|
|a RBX
|
| BAS |
|
|
|
| 852 |
|
|
|a SVKKK
|b BIB
|
| 998 |
|
|
|a RETRO
|